Electrónica básica

Bibliographic Details
Main Author: Zetina M., Angel
Format: Section = Libro
Language:Undetermined
Spanish
Published: México Limusa 2006
Subjects:
LEADER 00577nam a2200217Ia 4500
008 240829s9999 xx 000 0 und d
020 |a 968-18-5790-9 
040 |a BIBLIOTECA-RUPAP 621.381 Z61 
041 |a spa 
082 |a 621.381 Z61 
100 1 |a Zetina M., Angel  
245 1 0 |a Electrónica básica 
260 |a México  |b Limusa  |c 2006 
300 |a 671 p. :il. 
650 7 |a ELECTRONICA 
650 7 |b  RADIOCOMUNICACION 
650 7 |c  ACUSTICA 
650 7 |d  VALVULAS Y TRANSITORES. I. Zetina C, Angel, coaut. II. Tít. 
942 |c BK  |2 ddc 
991 |a TEXTO 
999 |c 9390